000 00367cam a22001217a 4500
008 180718b1991 xxu||||| |||| 00| 0 eng d
082 _aAPPPA 90-91 BIH
100 _aBihagara, H.R.
245 _aProspects of performance audit
_cby H.R. Bihagara
260 _aNew Delhi
_bIndian Institute of Public Administration
_c1991
300 _a94p.
650 _aAudit performance
999 _c501543
_d501543